Kappaleen nimi sanoituksissa #1 - Statistics

Yleistilastot
  • Tätä visaa on pelattu 622 kertaa
  • Keskiarvotulos 11 / 20
Vastaustilastot
Sanat % Oikein
Jos sä haluut sotilaan, mä varustaudun / Jos haluut rauhaa, mä {antaudun}
94%
Olet {todella} {kaunis}, elät vain yhden kerran / Olet todella viisas, elät vain hetken verran
87%
Ei täällä pärjää kuin rakastamalla / {Suomen} {muotoisen} {pilven} {alla}
81%
On pitkä {kuuma} {kesä} / Ja mä aion elää sen
81%
{Hei} {rakas} kerro mulle / Mikä on tää tunne / Kun ei tunnu jaloissani maa
79%
Tää ei tuu poistuu täältä koskaan / {Timantit} {on} {ikuisia}
75%
{Mitä} {silmät} {ei} {nää} / Sen sydän ymmärtää / Totuutta etsii kestävää
70%
{Odota}, miksi karkuun juoksit niin varoen / Heräsin tähän kylmään aamuun nyt palelen
68%
Olihan joskus tääl lentävii {dinosauruksii} / lentävii {dinosauruksii}
67%
{Sinä} {lähdit} {pois} / Minä katselin parvekkeelta / Loittonevaa selkääsi
65%
Haloo! / {Lady} {Domina}, ruoska sivaltaa / Haloo! / {Lady} {Domina} meillä pyyhkii lattiaa
48%
Hiekkalaatikon reunalla / Isä katsoo pientä lastaan / Lapsen ämpärissä {tähtipölyä}
46%
{Joka} {päivä} {ja} {joka} {ikinen} {yö} / Sinua ajattelen / {Joka} {päivä} {ja} {joka} {ikinen} {yö} / Jonka sydämeni lyö
42%
Niin {erilaiset} yhdessä ollaan / Mut mun elämässä riittää kun oot tässä
36%
{Vie} {mut} {kotiin} uudelleen / Laita mun pää ja sydän paikoilleen
33%
Mä oon {aavikko} ja sinä olet puu / Näissä käsissä kaltaises kuihtuu ja pois lakastuu
30%
Mulla olis yksi toive, yksi pieni pyyntö vaan / Mä {en} {haluu} {kuolla} {tänä} {yönä}
29%
{Valehdellaan} pienemmäksi vahinko / Älä muista, että kiinni jäätiin jo
21%
{Ketä} {sinä} {odotat} oikeasti / Kenelle sun ovet aukeaa / Aiotko sä maailman loppuun asti / Vain odottaa
16%
{Näe} {minut} {tässä}, sitä toivoisin / Samat tarpeet lienee muillakin
9%
Ehtoja vastaavia visoja ei löytynyt
Tulosjakauma
Jokaisen tuloksen saaneiden osuus
Persentiili vastausten määrän mukaan
Tuloshistoriasi
Et ole pelannut tätä visaa